000 00765nam a22001817a 4500
003 UA-OsUOA
001 15604
007 ta
008 20031119b un ||||| |||| 00| 0 ukr d
100 _aМулявка П.
942 _cSA
040 _aUA-OsUOA
_cUA-OsUOA
_dUA-OsUOA
245 _a"Потрібна реконструкція не тільки виробництва . а й психології": [Розмова з дир. ВАТ "Любомирського вапняно-силікатного заводу" П.Мулявкою
_cП. Мулявка; /Спілкувався О.Дубовик
300 _aС.13
955 _a0
773 0 _w0
_tІмідж
_dРівне
_d2003
_g№13/Лип./
650 7 _aКраєзнавча робота
_2UDC
999 _c301769
_d301769